| 000 -LEADER |
| fixed length control field |
02031cas a2200553 a 4500 |
| 001 - CONTROL NUMBER |
| control field |
16321709 |
| 003 - CONTROL NUMBER IDENTIFIER |
| control field |
NUST |
| 005 - DATE AND TIME OF LATEST TRANSACTION |
| control field |
20191208170738.0 |
| 008 - FIXED-LENGTH DATA ELEMENTS--GENERAL INFORMATION |
| fixed length control field |
000114c20009999pk qr p 0 0eng |
| 010 ## - LIBRARY OF CONGRESS CONTROL NUMBER |
| LC control number |
00243303 |
| 016 7# - NATIONAL BIBLIOGRAPHIC AGENCY CONTROL NUMBER |
| Record control number |
100913117 |
| Source |
DNLM |
| 016 7# - NATIONAL BIBLIOGRAPHIC AGENCY CONTROL NUMBER |
| Record control number |
007187728 |
| Source |
Uk |
| 022 ## - INTERNATIONAL STANDARD SERIAL NUMBER |
| International Standard Serial Number |
1682-024X |
| ISSN-L |
1681-715X |
| Incorrect ISSN |
1017-4699 |
| 030 ## - CODEN DESIGNATION |
| CODEN |
PJMSC6 |
| 035 ## - SYSTEM CONTROL NUMBER |
| System control number |
(OCoLC)ocm44420429 |
| 038 ## - RECORD CONTENT LICENSOR |
| Staff Name |
ATTAULLAH |
| 040 ## - CATALOGING SOURCE |
| Original cataloging agency |
NLM |
| Language of cataloging |
eng |
| Transcribing agency |
NLM |
| Modifying agency |
CAS |
| -- |
OCLCQ |
| -- |
CDS |
| -- |
CUS |
| -- |
DLC |
| -- |
OCLCQ |
| -- |
NLM |
| -- |
OCLCO |
| -- |
NLM |
| -- |
OCLCF |
| -- |
OCLCO |
| -- |
OCLCQ |
| -- |
OCLCO |
| -- |
RDF |
| -- |
OCLCO |
| -- |
OCLCQ |
| -- |
OCLCA |
| -- |
UKMGB |
| 042 ## - AUTHENTICATION CODE |
| Authentication code |
pcc |
| 043 ## - GEOGRAPHIC AREA CODE |
| Geographic area code |
a-pk--- |
| 050 00 - LIBRARY OF CONGRESS CALL NUMBER |
| Classification number |
R97 |
| Item number |
.P35 |
| 060 00 - NATIONAL LIBRARY OF MEDICINE CALL NUMBER |
| Classification number |
W1 |
| Item number |
SP304 |
| 082 ## - DEWEY DECIMAL CLASSIFICATION NUMBER |
| Classification number |
Vol-35, No-3 May-Jun 2019 |
| 210 10 - ABBREVIATED TITLE |
| Abbreviated title |
Pak J Med Sci |
| Source |
dnlm |
| 245 00 - TITLE STATEMENT |
| Title |
Pakistan journal of medical sciences. |
| 246 13 - VARYING FORM OF TITLE |
| Title proper/short title |
Pakistan journal of medical sciences quarterly |
| 260 ## - PUBLICATION, DISTRIBUTION, ETC. |
| Place of publication, distribution, etc. |
Karachi, Pakistan : |
| Name of publisher, distributor, etc. |
Professional Medical Publications, |
| Date of publication, distribution, etc. |
[2000]- |
| 300 ## - PHYSICAL DESCRIPTION |
| Extent |
volumes |
| 310 ## - CURRENT PUBLICATION FREQUENCY |
| Current publication frequency |
Bimonthly, |
| Date of current publication frequency |
2013- |
| 321 ## - FORMER PUBLICATION FREQUENCY |
| Former publication frequency |
Quarterly, |
| Dates of former publication frequency |
2000-2012 |
| 336 ## - CONTENT TYPE |
| Content type term |
text |
| Content type code |
txt |
| Source |
rdacontent |
| 337 ## - MEDIA TYPE |
| Media type term |
unmediated |
| Media type code |
n |
| Source |
rdamedia |
| 338 ## - CARRIER TYPE |
| Carrier type term |
volume |
| Carrier type code |
nc |
| Source |
rdacarrier |
| 362 0# - DATES OF PUBLICATION AND/OR SEQUENTIAL DESIGNATION |
| Dates of publication and/or sequential designation |
Vol. 16, no. 2 (Jan./Mar. 2000)- |
| 500 ## - GENERAL NOTE |
| General note |
Title from cover. |
| 588 ## - SOURCE OF DESCRIPTION NOTE |
| Source of description note |
Latest issue consulted: Vol. 26, no. 2 (Jan./Mar. 2010). |
| 590 ## - LOCAL NOTE (RLIN) |
| Local note |
Acquired via LC overseas office. Islamabad Field Office. Most recent issues may not yet be available in LC Washington. |
| 650 #0 - SUBJECT ADDED ENTRY--TOPICAL TERM |
| Topical term or geographic name entry element |
Clinical medicine |
| Geographic subdivision |
Pakistan |
| Form subdivision |
Periodicals. |
| 9 (RLIN) |
26563 |
| 650 #0 - SUBJECT ADDED ENTRY--TOPICAL TERM |
| Topical term or geographic name entry element |
Clinical medicine |
| Form subdivision |
Periodicals. |
| 9 (RLIN) |
26564 |
| 650 12 - SUBJECT ADDED ENTRY--TOPICAL TERM |
| Topical term or geographic name entry element |
Clinical Medicine. |
| 9 (RLIN) |
26565 |
| 650 #7 - SUBJECT ADDED ENTRY--TOPICAL TERM |
| Topical term or geographic name entry element |
Clinical medicine. |
| Source of heading or term |
fast |
| Authority record control number or standard number |
(OCoLC)fst00864361 |
| 9 (RLIN) |
26566 |
| 651 #7 - SUBJECT ADDED ENTRY--GEOGRAPHIC NAME |
| Geographic name |
Pakistan. |
| Source of heading or term |
fast |
| Authority record control number or standard number |
(OCoLC)fst01210275 |
| 9 (RLIN) |
26567 |
| 655 #2 - INDEX TERM--GENRE/FORM |
| Genre/form data or focus term |
Periodicals. |
| 9 (RLIN) |
26568 |
| 655 #4 - INDEX TERM--GENRE/FORM |
| Genre/form data or focus term |
Electronic journals. |
| 9 (RLIN) |
13048 |
| 655 #7 - INDEX TERM--GENRE/FORM |
| Genre/form data or focus term |
Periodicals. |
| Source of term |
fast |
| Authority record control number |
(OCoLC)fst01411641 |
| 9 (RLIN) |
26568 |
| 780 00 - PRECEDING ENTRY |
| Title |
Specialist |
| International Standard Serial Number |
1017-4699 |
| Record control number |
(DLC)sn 86031040 |
| -- |
(OCoLC)12960740 |
| 906 ## - LOCAL DATA ELEMENT F, LDF (RLIN) |
| a |
7 |
| b |
cbc |
| c |
serials |
| d |
3 |
| e |
ncip |
| f |
20 |
| g |
n-oclcserc |
| 942 ## - ADDED ENTRY ELEMENTS (KOHA) |
| Source of classification or shelving scheme |
|
| Koha item type |
Continuing Resources |